|
|
|
|
| LEADER |
01652nam a22003734a 4500 |
| 001 |
33267 |
| 003 |
BD-DhAAL |
| 005 |
20250625121939.0 |
| 008 |
180707t2002 gw a b 001 0 ger |
| 010 |
|
|
|a 2002113041
|
| 020 |
|
|
|a 3791327445
|
| 035 |
|
|
|a (DLC) 2002113041
|
| 040 |
|
|
|a DLC
|c DLC
|d DLC
|d BD-DhAAL
|
| 041 |
0 |
|
|a eng
|
| 042 |
|
|
|a pcc
|
| 043 |
|
|
|a e------
|
| 050 |
0 |
0 |
|a NA5458
|b .E87 2002
|
| 082 |
0 |
0 |
|a 726.509409045
|2 22
|
| 245 |
0 |
0 |
|a Europaischer Kirchenbau :
|b 1950-2000 /
|c herausgegeben von ;edited by Wolfgang Jean Stock ; mit Beiträgen von Friedrich Achleitner ... [et al.] = European church architecture : 1950-2000 / edited by Wolfgang Jean Stock ; essays by Friedrich Achleitner ... [et al.].
|
| 246 |
3 |
1 |
|a European church architecture
|
| 260 |
|
|
|a Munich ;
|a New York :
|b Prestel,
|c c2002.
|
| 300 |
|
|
|a 320 pages :
|b illustrations (some color) ;
|c 31 cm.
|
| 504 |
|
|
|a Includes bibliographical references and indexes.
|
| 526 |
|
|
|a ARC
|
| 541 |
|
|
|a Department of architecture
|e 33267
|
| 546 |
|
|
|a German text, followed by parallel English translation.
|
| 650 |
|
0 |
|a Church architecture
|z Europe.
|9 26663
|
| 650 |
|
0 |
|a Architecture
|z Europe
|x History
|y 20th century.
|9 26664
|
| 700 |
1 |
|
|a Stock, Wolfgang Jean,
|d 1948-
|9 26665
|
| 700 |
1 |
|
|a Achleitner, Friedrich,
|d 1930-
|9 26666
|
| 852 |
|
|
|a Department of architecture
|c General Stacks
|
| 942 |
|
|
|2 ddc
|c BK
|
| 999 |
|
|
|c 39592
|d 39592
|
| 952 |
|
|
|0 0
|1 0
|2 ddc
|4 0
|6 726_509409045000000_EUR
|7 0
|9 63608
|a BRACUL
|b BRACUL
|c GEN
|d 2018-07-07
|e Department of Architecture
|l 1
|m 7
|o 726.509409045 EUR
|p 3010033267
|r 2025-05-05
|s 2025-03-06
|t 1
|w 2018-07-07
|y BK
|x Transferred from ARC to BRACUL on 28/12/2023
|